000
00380nam a2200133Ia 4500
008
151001s9999||||xx |||||||||||||| ||und||
100
_a
वसंत देशमुख
245
_a
इथेची जन्मली वेदना
250
_a
1
260
_b
भारतीय प्रकाशन संस्था
260
_c
1972
300
_a
160
365
_b
18
999
_c
955844
_d
955841